| 000 | 00524nam a2200193Ia 4500 | ||
|---|---|---|---|
| 003 | GCL | ||
| 008 | 140319s9999 xx 000 0 eng d | ||
| 040 |
_aGCL / _cGCL |
||
| 082 | 0 | 4 |
_a338.4791 _bT E |
| 100 | 1 | _aTRIBE, JOHN | |
| 245 | 1 | 0 |
_aTHE ECONOMICS OF LEISURE AND TOURISM / _cTRIBE, JOHN |
| 260 |
_a[S.N] : _bA DIVISON OF READ EDUCAITIONAL AND PROFE ، _c1995 |
||
| 300 | _a289 P | ||
| 650 | 0 | 4 | _aPRODUCTION - ECONOMICS |
| 650 | 0 | 4 | _aECONOMIC |
| 650 | 0 | 4 | _aGOODS |
| 650 | 0 | 4 | _aTOURISM - ECONOMICS |
| 942 |
_2ddc _cBK |
||
| 999 |
_c13812 _d13812 |
||